| 000 | 00609nam a2200193Ia 4500 | ||
|---|---|---|---|
| 008 | 240925s9999 xx 000 0 und d | ||
| 020 | _a9780735679665 | ||
| 082 | _a005.1 WIE | ||
| 100 | _aWiegers, Karl | ||
| 245 | 0 | _aSoftware requirements | |
| 250 | _a3rd | ||
| 260 |
_aSingapore: _bMicrosoft Corporation _c,2013. |
||
| 300 |
_a636p. _b0 _fOriginal |
||
| 500 | _aIncludes Index | ||
| 600 | _aComputer Science | ||
| 650 | _aComputer science, information & general works | ||
| 856 |
_uhttps://drive.google.com/file/d/1_IH6cOdoG6o7TUJ8_URbDeZTpN_-x0YR/view?usp=sharing _yClick here for PDF |
||
| 942 | _cBK | ||
| 999 |
_c18077 _d18077 |
||